Heat And Mass Transfer (Record no. 197855)

MARC details
000 -LEADER
fixed length control field 00444nam a2200157Ia 4500
008 - FIXED-LENGTH DATA ELEMENTS--GENERAL INFORMATION
fixed length control field 230714s9999 xx 000 0 und d
041 ## - LANGUAGE CODE
Language code of text/sound track or separate title eng
082 ## - DEWEY DECIMAL CLASSIFICATION NUMBER
Classification number 621.402'2
Item number RAJ
100 ## - MAIN ENTRY--PERSONAL NAME
Personal name Rajput R.K.
9 (RLIN) 137180
245 ## - TITLE STATEMENT
Title Heat And Mass Transfer
Remainder of title SI Units
260 ## - PUBLICATION, DISTRIBUTION, ETC. (IMPRINT)
Date of publication, distribution, etc. 2009
Name of publisher, distributor, etc. S. Chand
300 ## - PHYSICAL DESCRIPTION
Extent 864
Accompanying material [OBSOLETE, CAN/MARC] Ref 243 G (22338)
365 ## - TRADE PRICE
Currency code Rs.
Price amount 450.00
700 ## - ADDED ENTRY--PERSONAL NAME
Personal name Rajput R.K.
9 (RLIN) 137180
906 ## - LOCAL DATA ELEMENT F, LDF (RLIN)
d O:0022804-Sep-2009B:733409-Jul-2009
c SS
b 229.5

No items available.